000 00691nam a2200217 a 4500
001 43037
003 BD-RjUL
005 20211209053632.0
008 160619s19621956enka 001 0 eng d
035 _a(BD-RjUL)43155
040 _aBD-RjUL
_beng
_cBD-RjUL
_dBD-RjUL
041 _aeng
082 _a330.942
_223
_bBRE 1962
100 1 _aBridbury, A. R.
_9132067
245 1 0 _aEconomic growth :
_bEngland in the later Middle Ages /
_cA. R. Bridbury.
260 _aLondon :
_bAllen & Unwin,
_c1962,
300 _a115 p. :
_bill ;
_c21 cm.
651 0 _aGreat Britain
_xHistory
_yMedieval period, 1066-1485.
_9132152
651 0 _aEngland
_xEconomic conditions
_y1066-1485.
_9132153
942 _2ddc
_cBK
999 _c43037
_d43037